Семантичний та ідеографічний аналіз слів одномовних і двомовних словників (на базі англійської мови) (Запис № 285399)
[ простий вигляд ]
| 000 -LEADER | |
|---|---|
| fixed length control field | 01820nam a22001577a 4500 |
| 041 ## - LANGUAGE CODE | |
| Language code of text/sound track or separate title | ukr |
| 080 ## - UNIVERSAL DECIMAL CLASSIFICATION NUMBER | |
| Universal Decimal Classification number | 09 |
| 090 ## - LOCALLY ASSIGNED LC-TYPE CALL NUMBER (OCLC); LOCAL CALL NUMBER (OCLC) | |
| Local cutter number (OCLC) ; Book number/undivided call number, CALL (RLIN) | ТКА |
| 100 ## - MAIN ENTRY--PERSONAL NAME | |
| Personal name | Ткачик, Т. В. |
| 245 ## - TITLE STATEMENT | |
| Title | Семантичний та ідеографічний аналіз слів одномовних і двомовних словників (на базі англійської мови) |
| 260 ## - PUBLICATION, DISTRIBUTION, ETC. (IMPRINT) | |
| Place of publication, distribution, etc | Острог |
| Name of publisher, distributor, etc | КАФ |
| Date of publication, distribution, etc | 2014 |
| 300 ## - PHYSICAL DESCRIPTION | |
| Extent | 67 |
| 520 ## - SUMMARY, ETC. | |
| Summary, etc | Вступ.<br/>Розділ І. Лексикографія як галузь мовознавства. Поняття лексико-семантичної системи.<br/>1.1. Лексикографія як галузь науки<br/>1.2. Типологія словників<br/>1.3. Особливості будови і призначення ідеографічних словників<br/>1.4. Поняття лексико-семантичної системи<br/>1.5. Будова словникової статті<br/>Розділ ІІ. Семантико-ідеографічний аналіз груп слів у словниках (на базі англійської мови).<br/>2.1. Опис будови словникової статті в досліджуваних словниках<br/>2.2. Семантичний та ідеографічний аналіз дієслів руху (лексико-семантичне поле переміщення)<br/>2.3. Загальний огляд соматичної лексики у лінгвістиці<br/>2.4. Семантичний та ідеографічний аналіз сенсонімічної лексики<br/>Висновки.<br/>Список використаної літератури.<br/>Додатки. |
| -- | лексикографія, словник, лінгвістик |
| 650 ## - SUBJECT ADDED ENTRY--TOPICAL TERM | |
| Topical term or geographic name as entry element | Research Papers |
| 942 ## - ADDED ENTRY ELEMENTS (KOHA) | |
| Koha item type | Книги |
| Withdrawn status | Lost status | Source of classification or shelving scheme | Damaged status | Not for loan | Home library | Current library | Date acquired | Source of acquisition | Cost, normal purchase price | Total Checkouts | Full call number | Barcode | Date last seen | Price effective from | Koha item type |
|---|---|---|---|---|---|---|---|---|---|---|---|---|---|---|---|
| Universal Decimal Classification | ВІЛ - Відділ іноземн. літератури НБ | ВІЛ - Відділ іноземн. літератури НБ | 17/06/2014 | Акт №8 | 1.00 | 09 | 215628 | 09/11/2021 | 17/06/2014 | Книги |